Mary Lou : creating on Olympic champion

Bibliographic Details
Main Author: Retton, Mary Lou , 1968- (Author)
Format: Book
Published: New York : McGraw-Hill , c1986
Subjects:

MARC

LEADER 00000cam a2200000 7i4500
001 0000008246
005 20230109093000.0
008 021119n
020 |a 0070518947 
090 0 0 |a GV460.2.R47   |b A35 
100 0 |a Retton, Mary Lou ,   |d 1968- ,   |e author 
245 0 0 |a Mary Lou :   |b creating on Olympic champion   |c Mary Lou Retton and Bela Karolyi   |f with John Powers 
260 2 |a New York :   |b McGraw-Hill ,   |c c1986 
300 |a 170 p. ; ;   |c 23 cm. 
650 0 |a Gymnasts   |z United States   |v Biography 
998 0 0 |a GV460.2.R47   |b A35 
999 |a 1000009818   |b Book   |c OPEN SHELF (30 DAYS)   |e Gong Badak Campus